000 00485nam a22001577a 4500
005 20251108164107.0
008 250721s1972 xx 000 0 ara d
082 1 4 _a020/عبد
100 1 _aالطباع، عبد الله أنيس
_eمؤلف
245 1 0 _aعلم المكتبات :
_bالإدارة و التنظيم /
264 1 _aبيروت :
_bدار الكتاب اللبناني،
_c1972.
300 _a333ص.
650 1 7 _aالمكتبات
942 _2ddc
_cBK
999 _c3450
_d3450